| 000 | 01557cam a22003494a 4500 | ||
|---|---|---|---|
| 001 | 14466197 | ||
| 003 | ARRUPE | ||
| 005 | 20151104122738.0 | ||
| 008 | 060725s2007 mnu b 001 0 eng | ||
| 010 | _a 2006024552 | ||
| 020 | _a0800638603 (alk. paper) | ||
| 020 | _a9780800638603 (alk. paper) | ||
| 035 | _a(OCoLC)ocm70836682 | ||
| 035 | _a(OCoLC)70836682 | ||
| 040 |
_aDLC _cDLC _dDLC |
||
| 050 | 0 | 0 |
_aBS2665.6.J4 _bD37 2007 |
| 082 | 0 | 0 |
_a227/.106 _222 |
| 084 |
_a11.46 _2bcl |
||
| 100 | 1 |
_aDas, A. Andrew. _920940 |
|
| 245 | 1 | 0 |
_aSolving the Romans debate / _cA. Andrew Das. |
| 260 |
_aMinneapolis : _bFortress Press, _cc2007. |
||
| 300 |
_axii, 324 p. ; _c23 cm. |
||
| 504 | _aIncludes bibliographical references (p. 269-298) and indexes. | ||
| 505 | 0 | 0 |
_tThe Romans debate : narrowing the options -- _tThe ethnic identity of the Roman congregations : the internal evidence -- _tFormer God-fearers or synagogue subgroup? -- _tClaudius's edict of expulsion : the external evidence -- _tReading Romans with the encoded audience : Romans 7:7-25 and Romans 11:25-26. |
| 630 | 0 | 0 |
_aBible. _pRomans _xCriticism, interpretation, etc. _91380 |
| 650 | 0 |
_aChristianity and other religions _xJudaism. _920941 |
|
| 650 | 0 |
_aJudaism _xRelations _xChristianity. _920942 |
|
| 856 | 4 | 1 |
_3Table of contents only _uhttp://www.loc.gov/catdir/toc/ecip0618/2006024552.html |
| 906 |
_a7 _bcbc _corignew _d1 _eecip _f20 _gy-gencatlg |
||
| 942 |
_2lcc _cMONOGRAPH |
||
| 999 |
_c123742 _d123742 |
||